Intervención en el Parque La Sabana / (Record no. 980)

MARC details
000 -LEADER
campo de control de longitud fija 01085nam a22002177a 4500
008 - DATOS DE LONGITUD FIJA--INFORMACIÓN GENERAL
campo de control de longitud fija 160723s2006 xxu||||| |||| 00| 0 spa d
082 04 - NÚMERO DE LA CLASIFICACIÓN DECIMAL DEWEY
Número de clasificación 708
Número de ítem B796i
100 1# - ENTRADA PRINCIPAL--NOMBRE DE PERSONA
Nombre de persona Bracci, Francesco.
9 (RLIN) 5306
245 10 - MENCIÓN DEL TÍTULO
Título Intervención en el Parque La Sabana /
Mención de responsabilidad, etc. Francesco Bracci.
250 ## - MENCION DE EDICION
Mención de edición 1a ed.
260 ## - PUBLICACIÓN, DISTRIBUCIÓN, ETC.
Lugar de publicación, distribución, etc. San José, Costa Rica :
Nombre del editor, distribuidor, etc. F. Bracci ; Festival Internacional de las Artes,
Fecha de publicación, distribución, etc. 2006.
300 ## - DESCRIPCIÓN FÍSICA
Extensión 32 p.
Otras características físicas il. col.
500 ## - NOTA GENERAL
Nota general Esta obra fue seleccionada para participar dentro de la Segunda Muestra Centroamericana de Arte Emergente 2006, realizada por el Museo de Arte y Diseño Contemporáneo (MADC).
500 ## - NOTA GENERAL
Nota general El proyecto fue realizado en el Parque La Sabana, durante el Festival Internacional de las Artes (FIA) 2006, en San José, Costa Rica. La intervención obtiene una Mención Honorífica dentro de la muestra.
653 10 - TÉRMINO DE INDIZACIÓN--NO CONTROLADO
Término no controlado Exhibiciones - Aire libre
653 10 - TÉRMINO DE INDIZACIÓN--NO CONTROLADO
Término no controlado Arte contemporáneo
653 10 - TÉRMINO DE INDIZACIÓN--NO CONTROLADO
Término no controlado Intervención artística
653 10 - TÉRMINO DE INDIZACIÓN--NO CONTROLADO
Término no controlado Artistas costarricenses
653 10 - TÉRMINO DE INDIZACIÓN--NO CONTROLADO
Término no controlado Museo de Arte y Diseño Contemporáneo
653 10 - TÉRMINO DE INDIZACIÓN--NO CONTROLADO
Término no controlado Festival Internacional de las Artes
Holdings
Estatus retirado Estado de pérdida Fuente del sistema de clasificación o colocación Estado de daño No para préstamo Biblioteca de origen Biblioteca actual Ubicación en estantería Fecha de adquisición Total de préstamos Signatura topográfica completa Código de barras Visto por última vez Precio de reemplazo Tipo de ítem Koha
    Clasificación Decimal Dewey     Biblioteca LadoV Biblioteca LadoV   23/07/2016   708 B796i 004210 23/07/2016 23/07/2016 Material 01